000 00647nam a2200217Ia 4500
005 20240307111213.0
008 131103s9999 xx 000 0 und d
040 _aLoreto College
041 _aEnglish
082 _a371.4
_bKEM
100 _aKemp,Charles F.
245 _aCounseling with College Students,
_cCharles F.Kemp
260 _aPhiladelphia
_bFortress Press
_c1967
300 _a143 p.
_b illus,tables
440 _aSuccessful Pastoral Counseling Series
504 _aIncludes bibliography and index
650 _aSchools and Their Activities
651 _aStudent Guidance and Counseling
850 _aLCLIB
942 _cBK
999 _c10479
_d60958